1097 1799 1584 1176 1669 1160 1119 1747 1885 1276 1354 1464 1910 1212 1627 1923 1151 1663 1009 1656 1963 1841 1349 1720 1362 1613 1091 1788 1529 1439 1065 1881 1083 1953 1383 1771 1425 1427 1199 1007 1143 1277 1696 1236 1066 1381 1037 1348 1806 1213 1910 1534 1596 1107 1108 1357 1735 1486 1701 1656 1398 1899 1300 1556 1548 1294 1754 1792 1790 1145 1013 1149 1138 1179 1358 1606 1874 1191 1752 1279 1516 1757 1402 1620 1447 1089 1269 1209 1875 1247 1224 1989 1358 1271 1927 1409 1124 1714 1715 BCNSPRNW ULIB Ver.6.0+V

เปลี่ยนเป็นภาษาไทย

Change to English
 แสดงรายละเอียดบรรณานุกรม
  กลับหน้าหลัก

Brief Record : Get Marc (ISO 2709) : E-mail record : QR code < ปิดหน้าต่าง
LEADER : 00000nam 2200000uu 4500
001    13399111668
003     ULIB
008    110704s2552||||th 000 0 tha d
020    9786165190190
050  4 BQ4570^bอ835ค 2552
100 0  อุบาสิกา คุณรัญจวน อิทรกำแหง
245 10 ความน่ากลัวของสิ่งที่เรียกว่า"สุข"/^cอุบาสิกา คุณรัญจวน อิทรกำแหง
250    พิมพ์ครั้งที่ 1
260    กรุงเทพฯ :^bอมรินทร์ธรรมะ,^c2552
300    151 หน้า
945    ^p129^l0^i027542
995    ทศพร
999 ^a ใช้งานได้ทุกระบบ
รายการนี้ยังไม่มีแท็ก
คุณยังไม่ได้ล็อกอิน คุณสามารถมีกิจกรรมร่วมกับเว็บไซต์ได้ แต่ต้องล็อกอินก่อน ::
  ล็อกอิน

รายการสื่อสารสนเทศ

ลำดับที่ ประเภท เลขเรียก/บาร์โค้ด สถานที่ สถานะ
- ไม่พบข้อมูล -

BibComment


ยังไม่เคยถูกคอมเมนท์

คอมเมนท์ทรัพยากรรายการนี้
  คอมเมนท์: ความน่ากลัวของสิ่..


 Copyright 2026. Bcnsprnw @Library